Zákon o súdnych poplatkoch : komentár /
Gespeichert in:
| 1. Verfasser: | |
|---|---|
| Format: | Buch |
| Sprache: | Slowakisch |
| Veröffentlicht: |
Bratislava :
Iura Edition,
2006
|
| Ausgabe: | 1. vyd. |
| Schlagworte: | |
| ISBN: | 8080781273 |
| Online-Zugang: |
|
| Tags: |
Tag hinzufügen
Keine Tags, Fügen Sie den ersten Tag hinzu!
|
MARC
| LEADER | 00000nam a2200000 4500 | ||
|---|---|---|---|
| 003 | SK-BrCVT | ||
| 005 | 20220621162727.0 | ||
| 008 | 070529s2006 xo e ||||||slo d | ||
| 020 | |a 8080781273 | ||
| 035 | |a CVTIDW1407322 | ||
| 040 | |b slo |a CVTI SR |e AACR2 | ||
| 041 | 0 | |a slo | |
| 044 | |a xo | ||
| 080 | |a 347.96 |2 UDC-MRF | ||
| 080 | |a 34:336.23 |2 UDC-MRF | ||
| 100 | 1 | |a Horváth, Edmund | |
| 245 | 1 | 0 | |a Zákon o súdnych poplatkoch : |b komentár / |c Edmund Horváth |
| 250 | |a 1. vyd. | ||
| 260 | |a Bratislava : |b Iura Edition, |c 2006 | ||
| 300 | |a 174 s. | ||
| 653 | 1 | |a sadzba poplatku |a rozpočtové určenie |a občianske súdne konanie | |
| 910 | |b A601985 | ||
| 919 | |a 80-8078-127-3 | ||
| 974 | |f Knihy | ||
| 992 | |a IZK | ||
| 999 | |c 152092 |d 152092 | ||

